000 02669cas a22007337a 4500
005 20220329142645.0
008 001017c1924 qr pernn 0 b1 d
010 _a86074
011 _a87046
022 _a0041-3216
035 _a97587
245 0 0 _aTropical Agriculture
_c/by University of the West Indies Press. School of Agriculture on Behalf
260 0 _aSt Agustine, Trinidad :
_bUniversity of the West Indies Press, School of Agriculture on Behalf
_c1924-
300 _av.
310 _aTrimestral
321 _aMensual
362 _av.77 (1),2000.
590 _aBATCH-UPD
_b10
_c20130110
_lUCH01
_h0811
590 _aBATCH-UPD
_b10
_c20130410
_lUCH01
_h0447
590 _aBATCH-UPD
_b10
_c20130913
_lUCH01
_h2129
590 _aCONVERSION
_b10
_c20130109
_lUCH01
_h1348
650 1 4 _aAgricultura
_xTrópicos
_xPublicaciones periódicas.
_91889
866 _av. 79 n. 1 (January 2002) - v. 79 n. 4 (October 2002)
866 _av. 80 n. 1 (January 2003) - v. 80 n. 4 (October 2003)
866 _av.1 n.5,7 (1924)
866 _av.10 n.3-5,7-10 (1933)
866 _av.11n.1-7,9-12 (1934)
866 _av.12 n.1-2,4,6-12 (1935)
866 _av.13 n.1-5,7-12 (1936)
866 _av.14 n.3,6-7,9-11 (1937)
866 _av.15 n.1-12 (1938)
866 _av.16 n.1-7,9 (1939)
866 _av.17 n.2-5,7-12 (1940)
866 _av.18 n.1-7,9-11 (1941)
866 _av.19 n.1-12 (1942)
866 _av.2 n.2-12 (1925)
866 _av.20 n.1-4,6-7,9-11 (1943)
866 _av.21 n.1-12 (1944)
866 _av.22 n.1,3-7,9-12 (1945)
866 _av.23 n.11-12 (1946)
866 _av.24 n.7-12 (1947)
866 _av.26 n.1-12 (1949)
866 _av.27 n. 1-4,6-12 (1950)
866 _av.28 n.1-v.30 n.12 (1951-1953)
866 _av.3 n.1-10,12 (1926)
866 _av.31 n.2-4 (1954)
866 _av.32 n.3-4 (1955)
866 _av.33 n.1-2,4 (1956)
866 _av.34 n.1-3 (1957)
866 _av.35 n.1--4 (1958)
866 _av.36 n.1,3-4 (1959)
866 _av.37 n. 2-4 (1960)
866 _av.38 n.1 (1961)
866 _av.4 n.1-3,5-10,12 (1927)
866 _av.46 n.1 (1969)
866 _av.47 n.1 (1970)
866 _av.5 n.1-v.7 n.12 (1928-1930)
866 _av.70 n.1-v.72 n.4 (1993-1995)
866 _av.75 n.1-v.78 n.4 (1998-2001)
866 _av.8 n.1--6,8-12 (1931)
866 _av.9 n.1-3,9 (1932)
901 _aSE
905 _aAraceli Hernández Gómez
999 _c86074
_d86074